000 00567nam a22001697a 4500
999 _c181792
_d181792
005 20211006112602.0
010 _aEN230921
020 _a9789353883317
_c675.00
037 _bSage Publications
100 _aMajumdar, Rohit
245 _aHistory of Europe:
_bfrom renaissance to the end of the cold war /
_cby Rohit Majumdar
260 _aNew Delhi
_bSage Publications
_c2020
270 _aB1/I-1, Mohan Cooperative Industrial Area, Mathura Road
_bNew Delhi
_e110044
300 _axxiv, 533p.
_c24cm(pbk)
700 _aPandey, Rajendra Kumar
942 _2ddc
_cEN
_mMAJ